Normal view MARC view

Entry Topical Term

Number of records used in: 1

001 - CONTROL NUMBER

  • control field: 18817

003 - CONTROL NUMBER IDENTIFIER

  • control field: OSt

005 - DATE AND TIME OF LATEST TRANSACTION

  • control field: 20201021164806.0

008 - FIXED-LENGTH DATA ELEMENTS

  • fixed length control field: 201021|| aca||aabn | a|a d

040 ## - CATALOGING SOURCE

  • Original cataloging agency: OSt
  • Transcribing agency: OSt

150 ## - HEADING--TOPICAL TERM

  • Topical term or geographic name entry element: Africa, GTAP, policy support, Market failures, Agriculture, Sub-sahran Africa

670 ## - SOURCE DATA FOUND

  • Source citation: Work cat.: (OSt): Balie, Jean, Narayanan, Badri 18816, What should be the focus of agricultural policy reforms in sub-saharan Africa? A CGE analysis

Powered by Koha